A history of the county court, 1846-1971 (Record no. 11188)
[ view plain ]
| 000 -LEADER | |
|---|---|
| fixed length control field | 01265nam a2200313 a 4500 |
| 082 04 - DEWEY DECIMAL CLASSIFICATION NUMBER | |
| Classification number | 347.41/02 |
| 100 1# - MAIN ENTRY--AUTHOR NAME | |
| Personal name | Polden, Patrick. |
| 245 12 - TITLE STATEMENT | |
| Title | A history of the county court, 1846-1971 |
| 260 ## - PUBLICATION, DISTRIBUTION, ETC. (IMPRINT) | |
| Place of publication | Cambridge, UK ; |
| -- | New York : |
| Name of publisher | Cambridge University Press, |
| Year of publication | 1999. |
| 300 ## - PHYSICAL DESCRIPTION | |
| Number of Pages | xxii, 403 p. |
| 490 1# - SERIES STATEMENT | |
| Series statement | Cambridge studies in English legal history |
| 650 #0 - SUBJECT ADDED ENTRY--TOPICAL TERM | |
| Topical Term | County courts |
| 856 40 - ELECTRONIC LOCATION AND ACCESS | |
| Uniform Resource Identifier | http://site.ebrary.com/lib/rucke/Doc?id=10014887 |
No items available.
